00526nam a22001577a 4500008004100000082001200041100002800053245009500081260001900176502007200195650001500267650002000282650002300302650002300325650002000348160831b xxu||||| |||| 00| 0 eng d aCD12266 aTiwari, Kailash Chandra aBaitadika ni. ma. bi.tahama Nepali shikshyanma shaikshyik samagri prayogko bartaman sthiti aBaitadi:c2072 aDissertationbDegree in EducationcShree Jagannath Bahumukhi Campus aEducaation aNepali language aStudy and teaching aTeaching materials aLower secondary